000
00225nam a22001097a 4500
003
OSt
008
241207b |||||||| |||| 00| 0 eng d
041
_a
eng
100
_a
Vennikkulam
_9
5521
245
_a
Thirukkural
942
_c
BK
999
_c
18347
_d
18347